|
|
|
|
| LEADER |
01468nam a2200337 a 4500 |
| 001 |
12656 |
| 003 |
BD-DhAAL |
| 008 |
091028s2001 bg bf 000 0 eng d |
| 999 |
|
|
|c 5395
|d 5395
|
| 010 |
|
|
|a 2001445071
|
| 020 |
|
|
|a 9844940141
|
| 040 |
|
|
|a DLC
|c DLC
|d DLC
|d BD-DhAAL
|
| 082 |
0 |
0 |
|a 324.95492051
|2 21
|
| 245 |
0 |
0 |
|a Handbook on election reporting :
|b the reporter's guide /
|c [editors, Philip Gain, Q.A. Tahmina and Shishir Moral].
|
| 250 |
|
|
|a 2nd ed.
|
| 260 |
|
|
|a Dhaka :
|b Society for Environment and Human Development,
|c 2001.
|
| 300 |
|
|
|a 282 p. ;
|c 22 cm.
|
| 500 |
|
|
|a "Tips, background, and relevant information to help cover the parliamentary elections, Bangladesh."
|
| 504 |
|
|
|a Includes bibliographical references.
|
| 541 |
1 |
|
|e 00012656
|
| 610 |
2 |
0 |
|a Bangladesh.
|b Jātīẏa Saṃsada
|x Elections.
|9 39948
|
| 650 |
|
0 |
|a Elections
|z Bangladesh
|v Handbooks, manuals, etc.
|9 39949
|
| 650 |
|
0 |
|a Reporters and reporting
|z Bangladesh.
|9 39950
|
| 650 |
|
0 |
|a Press and politics
|z Bangladesh.
|9 39951
|
| 700 |
1 |
|
|a Gain, Philip.
|9 39952
|
| 700 |
1 |
|
|a Tahmina, Q. A.
|9 39953
|
| 700 |
1 |
|
|a Moral, Shishir.
|9 39954
|
| 710 |
2 |
|
|a Society for Environment and Human Development (Dhaka, Bangladesh)
|9 39955
|
| 852 |
4 |
|
|a Ayesha Abed Library
|j General Stacks
|
| 942 |
|
|
|2 ddc
|c BK
|
| 952 |
|
|
|0 0
|1 0
|2 ddc
|4 0
|6 323_000000000000000_HAN
|7 0
|9 5253
|a BRACUL
|b BRACUL
|c GEN
|d 2009-11-10
|g 0.00
|l 0
|o 323 HAN
|p 3010012656
|r 2009-11-10
|t 1
|w 2009-11-10
|y BK
|x No price found in the accession register.
|